Statistics for Night Changes - One Direction (All Lyrics)

Click here to take the quiz!

General Stats

  • This quiz has been taken 59 times
  • The average score is 246 of 295

Answer Stats

Answer% Correct
change
100%
changes
100%
changes?
100%
it
100%
night
100%
the
100%
a
97%
be
97%
does
97%
her
97%
never
97%
to
97%
and
94%
doesn't
94%
ever
94%
fast
94%
how
94%
is
94%
like
94%
me
94%
no
94%
of
94%
she
94%
that
94%
when
94%
will
94%
you
94%
dress
91%
just
91%
out
91%
into
88%
kind
88%
mother
88%
red
88%
something
88%
too
88%
but
85%
going
85%
Going
85%
tonight
85%
baby
82%
been
82%
crazy
82%
drive
82%
even
82%
everything
82%
moon
82%
about
79%
dreamed
79%
she's
79%
up
79%
we're
79%
driving
76%
getting
76%
had
76%
nothing
76%
older
76%
only
76%
thinking
76%
all
73%
I've
73%
want
73%
afraid
70%
disappearing
70%
for
70%
hair
70%
lately
70%
off
70%
showing
70%
through
70%
wake
70%
won't
70%
you've
70%
head
67%
know
67%
really
67%
there's
67%
breaking
64%
forget
64%
having
64%
regrets
64%
wants
64%
skin
58%
yet
55%
falling
52%
heading
52%
reminds
52%
moving
48%
piece
48%
stop
48%
lost
45%
chasing
42%
cigarette
42%
innocence
42%
missing
42%
doubts
39%
heart
39%
are
36%
beating
36%
he's
36%
hides
36%
loud
36%
'round
36%
running
36%
behind
33%
lighting
33%
waiting
33%

Score Distribution

Percentile by Number Answered

Percent of People with Each Score

Your Score History

You have not taken this quiz